Международный бухгалтерский учет. 1999, № 6 (6) (Запись № 13501322)

Подробности
000 -МАРКЕР
контрольное поле 00930nam2a2200205 4500
001 - ИДЕНТИФИКАТОР ЗАПИСИ
контрольное поле RU\NLR\PER_B\2604965_1999_6
005 - ИДЕНТИФИКАТОР ВЕРСИИ
контрольное поле 20251214195024.0
035 ## - ДРУГИЕ СИСТЕМНЫЕ НОМЕРА
Идентификатор записи (NLR Aleph) 022681833
100 ## - ДАННЫЕ ОБЩЕЙ ОБРАБОТКИ
Данные общей обработки 20251208d1999 u y0rusy50 ca
101 0# - ЯЗЫК РЕСУРСА
Язык текста, звукозаписи и т.д. русский
102 ## - СТРАНА ПУБЛИКАЦИИ ИЛИ ПРОИЗВОДСТВА
Страна публикации Российская Федерация
200 0# - ЗАГЛАВИЕ И СВЕДЕНИЯ ОБ ОТВЕТСТВЕННОСТИ
Основное заглавие 1999, № 6 (6)
210 ## - ПУБЛИКАЦИЯ, РАСПРОСТРАНЕНИЕ И ДР.
Дата издания, распространения и т.д. 1999
461 #0 - УРОВЕНЬ НАБОРА
Встроенное поле 001RU\NLR\INFOCOMM6\1000425004
-- 2001#$aМеждународный бухгалтерский учет$eЕжемес. журн.$fУчредитель: ООО "Изд. дом "Финансы и кредит"$v1999, № 6 (6)
Системный номер (АБИС) связанной записи 3478205
Место публикации М.
Дата публикации 1999-
Первые сведения об ответственности Учредитель: ООО "Изд. дом "Финансы и кредит"
Имя издателя, распространителя и т.д. Финансы и кредит
Сведения, относящиеся к заглавию Ежемес. журн.
Заглавие Международный бухгалтерский учет
ISSN 2073-5081
Номер тома 1999, № 6 (6)
852 ## - МЕСТОНАХОЖДЕНИЕ И ШИФР ХРАНЕНИЯ
Идентификатор организации NLR
Шифр хранения (Call Number) П23/4616
942 ## - ДОПОЛНИТЕЛЬНЫЕ ЭЛЕМЕНТЫ ЗАПИСИ (АБИС)
Тип экземпляра АБИС Выпуск
980 ## - КОЛЛЕКЦИЯ
Название коллекции Русская периодика
980 ## - КОЛЛЕКЦИЯ
Название коллекции Национальная библиография

Нет доступных экземпляров.